Normal view MARC view

Entry Personal Name

Number of records used in: 1

001 - CONTROL NUMBER

  • control field: 1236754

003 - CONTROL NUMBER IDENTIFIER

  • control field: OSt

005 - DATE AND TIME OF LATEST TRANSACTION

  • control field: 20260430150207.0

008 - FIXED-LENGTH DATA ELEMENTS

  • fixed length control field: 260430|| aca||aabn | a|a d

040 ## - CATALOGING SOURCE

  • Original cataloging agency: OSt
  • Transcribing agency: OSt

100 ## - HEADING--PERSONAL NAME

  • Personal name: University of Delhi. Faculty of Science. Deptarment of Botany

670 ## - SOURCE DATA FOUND

  • Source citation: Work cat.: (OSt)1849185: Monika Au.; Goel Shailendra Gu. 1236753, Comparative study of miRNA and 21-nucleotide reproductive phased siRNA between developmental stages of female gametophte in sexual and apomictic addition lines of pearl millet [Cenchrus americanus (L.) morrone syn. pennisetum glaucum (L.) R. Br.], 2022
Copyright @ Delhi University Library System